Statistics for Do you know your soccer players by country???

Click here to take the quiz!

General Stats

  • This quiz has been taken 69 times
  • The average score is 8 of 10

Answer Stats

QuestionAnswer% Correct
PolandLewandowski
97%
GermanyKroos
94%
BrazilNeymar
94%
SpainRamos
94%
FranceGreizmann
92%
AlgeriaMahrez
90%
ChileSanchez
89%
UruguayGodin
84%
ArgentinaRojo
76%
PortugalD.Gea
3%

Score Distribution

Percentile by Number Answered

Percent of People with Each Score

Your Score History

You have not taken this quiz